[Event "Panchavati Resha op 3rd"]
[Site "Panchavati"]
[Date "2017.07.22"]
[Round "9"]
[White "Sirsikar, Shivam"]
[Black "Sai, Kiran Y"]
[Result "0-1"]
[WhiteElo "1379"]
[BlackElo "1709"]
[PlyCount "58"]
[EventDate "2017.07.18"]
[EventType "swiss"]
[EventRounds "10"]
[EventCountry "IND"]
[SourceTitle "EXT 2018"]
[Source "ChessBase"]
[SourceDate "2017.10.13"]
[SourceVersion "1"]
[SourceVersionDate "2017.10.13"]
[SourceQuality "1"]

1. e4 e6 2. b3 d5 3. exd5 exd5 4. d4 Nf6 5. Bg5 Bd6 6. Qe2+ Be6 7. Nf3 0-0 8. Nbd2 Nbd7 9. g3 Re8 10. Be3 Bf5 11. Bg2 Bxc2 12. Rc1 Bg6 13. 0-0 c6 14. Nh4 Qb6 15. Nxg6 hxg6 16. Qd3 Re7 17. Bg5 Rae8 18. Bh3 Qa5 19. Rc2 Nf8 20. Bxf6 gxf6 21. Nf3 Kg7 22. Nh4 Bc7 23. Ng2 Qb4 24. Ne3 Bb6 25. Rd1 Re4 26. Qd2 Qxd4 27. Qe1 Rxe3 28. fxe3 Rxe3 29. Rxd4 Rxe1+ 0-1